[Event "Wch Juvenil 2013 sub-14"]
[Site "Al-Ain UAE"]
[Date "2013.12.18"]
[Round "1.51"]
[White "Spacek, Oliver"]
[Black "Katsande, Nyasha"]
[Result "1-0"]
[WhiteElo "2041"]
[BlackElo "1593"]
[PlyCount "137"]
[EventDate "2013.12.19"]
[EventType "swiss"]
[EventRounds "11"]
[EventCountry "UAE"]
[Source "lmi"]
[SourceDate "2013.12.19"]

1. d4 Nf6 2. c4 c5 3. d5 b5 4. cxb5 a6 5. bxa6 Bxa6 6. Nc3 g6 7. g3 d6 8. Bg2
Bg7 9. Nf3 O-O 10. O-O Nbd7 11. Rb1 Qb6 12. b3 Rfb8 13. Qc2 Ra7 14. Rd1 Rc7 15.
h3 Qa7 16. a4 Rcb7 17. Be3 Ne8 18. Na2 Qa8 19. Nh2 Bh8 20. g4 Rc8 21. f4 Rbc7
22. Nf1 Bd4 23. Bf2 Bb7 24. e3 Bh8 25. Nc3 c4 26. b4 Bxc3 27. Qxc3 Qxa4 28. Nd2
Qb5 29. e4 Nb6 30. Nf3 Na4 31. Qc2 Ra8 32. Nd4 Qd7 33. b5 c3 34. Nc6 Rcc8 35.
Rd4 Nc5 36. Rc4 Ra3 37. Bxc5 dxc5 38. Rxc3 Rxc3 39. Qxc3 Nc7 40. Qxc5 Re8 41.
Ne5 Qd8 42. Rc1 Na8 43. Qa7 Qb8 44. Qxb8 Rxb8 45. Nc6 Re8 46. Na5 Bc8 47. e5
Bd7 48. Nc6 Nb6 49. Ra1 Kf8 50. Ra6 Nc4 51. Ra7 Bc8 52. Rc7 Nb6 53. Na7 h5 54.
Rc6 hxg4 55. hxg4 Nxd5 56. Rxc8 Nb6 57. Rc7 Rd8 58. Rb7 Rd1+ 59. Kh2 Nc4 60. b6
Rb1 61. Nc8 g5 62. fxg5 Nxe5 63. Rxe7 Nc4 64. b7 Na5 65. Rc7 Rb5 66. Nd6 Rb6
67. Rxf7+ Kg8 68. Bd5 Kh8 69. g6 1-0

[Event "Wch Juvenil 2013 sub-14"]
[Site "Al-Ain UAE"]
[Date "2013.12.18"]
[Round "1.52"]
[White "Ieong, Seak Hin"]
[Black "Loh, Zachary"]
[Result "0-1"]
[WhiteElo "1578"]
[BlackElo "2036"]
[PlyCount "92"]
[EventDate "2013.12.19"]
[EventType "swiss"]
[EventRounds "11"]
[EventCountry "UAE"]
[Source "lmi"]
[SourceDate "2013.12.19"]

1. e4 d5 2. exd5 Qxd5 3. Nc3 Qd6 4. Nf3 Nf6 5. d4 a6 6. Be2 Nc6 7. O-O Bf5 8.
a3 e6 9. b4 Be7 10. Na4 b6 11. Nb2 O-O 12. Nc4 Qd8 13. Bg5 h6 14. Bxf6 Bxf6 15.
c3 Ne7 16. Ne3 Be4 17. Ne5 c5 18. N5g4 Nc6 19. Nxf6+ Qxf6 20. dxc5 bxc5 21. Qb3
Rfb8 22. Qc4 Bd5 23. Nxd5 exd5 24. Qxc5 Rd8 25. Rad1 d4 26. Bf3 Rac8 27. Qb6
dxc3 28. Rxd8+ Nxd8 29. Qxf6 gxf6 30. Rc1 Ne6 31. Bg4 Rc4 32. Bxe6 fxe6 33. Rc2
e5 34. f3 f5 35. Kf2 e4 36. fxe4 fxe4 37. Ke2 Kf7 38. Kd1 Ke6 39. Re2 Ke5 40.
Kc2 Kd4 41. g4 e3 42. h4 Rc7 43. g5 hxg5 44. hxg5 Ke4 45. Rh2 Kf3 46. Kd3 c2
0-1

[Event "Wch Juvenil 2013 sub-14"]
[Site "Al-Ain UAE"]
[Date "2013.12.18"]
[Round "1.53"]
[White "Patrascu, Catalin-Lucian"]
[Black "Liao, Jo-Kai"]
[Result "1-0"]
[WhiteElo "2033"]
[BlackElo "1571"]
[PlyCount "47"]
[EventDate "2013.12.19"]
[EventType "swiss"]
[EventRounds "11"]
[EventCountry "UAE"]
[Source "lmi"]
[SourceDate "2013.12.19"]

1. e4 c5 2. Nf3 d6 3. d4 cxd4 4. Nxd4 Nf6 5. Nc3 g6 6. f4 Bg7 7. e5 dxe5 8.
fxe5 Ng4 9. Bb5+ Kf8 10. Ne6+ fxe6 11. Qxd8+ Kf7 12. Qd4 Nf6 13. exf6 Bxf6 14.
Qf2 Kg7 15. O-O Rd8 16. Be3 Nc6 17. Bxc6 bxc6 18. Rad1 a6 19. Bb6 Rf8 20. Bd4
Rb8 21. b3 Ra8 22. Bxf6+ Rxf6 23. Qc5 Rf7 24. g4 1-0

[Event "Wch Juvenil 2013 sub-14"]
[Site "Al-Ain UAE"]
[Date "2013.12.18"]
[Round "1.54"]
[White "Hoon, Gideon Jakobus"]
[Black "Kazakovskiy, Valeriy"]
[Result "0-1"]
[WhiteElo "1569"]
[BlackElo "2023"]
[PlyCount "52"]
[EventDate "2013.12.19"]
[EventType "swiss"]
[EventRounds "11"]
[EventCountry "UAE"]
[Source "lmi"]
[SourceDate "2013.12.19"]

1. e4 e5 2. Nf3 Nc6 3. Bb5 a6 4. Bxc6 dxc6 5. d4 exd4 6. Qxd4 Qxd4 7. Nxd4 Bd7
8. Nc3 O-O-O 9. Nde2 Bd6 10. Be3 Ne7 11. O-O-O Ng6 12. f4 f6 13. h3 Rhe8 14. g3
c5 15. e5 fxe5 16. fxe5 Rxe5 17. Bd2 Bc6 18. Rhf1 Bg2 19. Rf7 Re7 20. Rf2 Bxh3
21. Bg5 Bg4 22. Bxe7 Nxe7 23. Rf7 Nf5 24. Rd5 Ne3 25. Rg5 Bxe2 26. Nxe2 Be7 0-1

[Event "Wch Juvenil 2013 sub-14"]
[Site "Al-Ain UAE"]
[Date "2013.12.18"]
[Round "1.55"]
[White "Nigmatov, Ortik"]
[Black "Al Hamed, Saif Idrees"]
[Result "1-0"]
[WhiteElo "2023"]
[BlackElo "1558"]
[PlyCount "47"]
[EventDate "2013.12.19"]
[EventType "swiss"]
[EventRounds "11"]
[EventCountry "UAE"]
[Source "lmi"]
[SourceDate "2013.12.19"]

1. e4 e5 2. Nf3 Nc6 3. Bc4 Bc5 4. c3 Nf6 5. d3 d6 6. Nbd2 O-O 7. O-O a6 8. Bb3
Ba7 9. Re1 Ne7 10. Nf1 Ng6 11. Ng3 Re8 12. h3 h6 13. d4 b5 14. a4 Bb7 15. dxe5
Nxe5 16. Nxe5 Rxe5 17. Bf4 Nxe4 18. Bxe5 Bxf2+ 19. Kh2 Bxe1 20. Qxe1 Nxg3 21.
Bxg3 Qd7 22. Qf2 Re8 23. axb5 Qxb5 24. Bxf7+ 1-0

[Event "Wch Juvenil 2013 sub-14"]
[Site "Al-Ain UAE"]
[Date "2013.12.18"]
[Round "1.56"]
[White "Mohamed, Marshool"]
[Black "Fawzy, Adham"]
[Result "0-1"]
[WhiteElo "1557"]
[BlackElo "2013"]
[PlyCount "80"]
[EventDate "2013.12.19"]
[EventType "swiss"]
[EventRounds "11"]
[EventCountry "UAE"]
[Source "lmi"]
[SourceDate "2013.12.19"]

1. e4 c5 2. Nf3 Nc6 3. d4 cxd4 4. Nxd4 Nf6 5. Nc3 e5 6. Ndb5 d6 7. Bg5 a6 8.
Na3 b5 9. Nd5 Qa5+ 10. Bd2 Qd8 11. f3 Nxd5 12. exd5 Nd4 13. c3 Nf5 14. Nc2 Qh4+
15. Ke2 Bb7 16. Qe1 Qxe1+ 17. Kxe1 Bxd5 18. Ne3 Nxe3 19. Bxe3 Bc6 20. Rd1 d5
21. Kf2 Be7 22. Bd3 O-O 23. Bb1 g6 24. Rhe1 f5 25. Bh6 Bc5+ 26. Be3 Bxe3+ 27.
Rxe3 Rfe8 28. Rde1 e4 29. fxe4 dxe4 30. g3 Rad8 31. R1e2 g5 32. Ke1 Kh8 33. Rf2
Re5 34. Bc2 Rf8 35. Rd2 f4 36. gxf4 gxf4 37. Rh3 Re7 38. Rd4 f3 39. Kf1 e3 40.
Rdh4 e2+ 0-1

[Event "Wch Juvenil 2013 sub-14"]
[Site "Al-Ain UAE"]
[Date "2013.12.18"]
[Round "1.57"]
[White "Sevgi, Volkan"]
[Black "Anagnostakis, Charalampos"]
[Result "1-0"]
[WhiteElo "2007"]
[BlackElo "1542"]
[PlyCount "41"]
[EventDate "2013.12.19"]
[EventType "swiss"]
[EventRounds "11"]
[EventCountry "UAE"]
[Source "lmi"]
[SourceDate "2013.12.19"]

1. e4 c5 2. Nc3 Nc6 3. g3 e6 4. Bg2 g6 5. d3 Nge7 6. Be3 Bg7 7. Qd2 d6 8. Bh6
O-O 9. h4 Qc7 10. h5 f5 11. Bxg7 Kxg7 12. hxg6 Nxg6 13. exf5 Rxf5 14. Be4 Rf6
15. Nb5 Qe7 16. Nxd6 Nd4 17. Nc4 Kg8 18. c3 Nf5 19. Nf3 Nd6 20. Nxd6 Qxd6 21.
Ng5 1-0

[Event "Wch Juvenil 2013 sub-14"]
[Site "Al-Ain UAE"]
[Date "2013.12.18"]
[Round "1.58"]
[White "Vaitsiakhouski, Yauheni"]
[Black "Papadopoulos, Argirios"]
[Result "0-1"]
[WhiteElo "1540"]
[BlackElo "2005"]
[PlyCount "86"]
[EventDate "2013.12.19"]
[EventType "swiss"]
[EventRounds "11"]
[EventCountry "UAE"]
[Source "lmi"]
[SourceDate "2013.12.19"]

1. d4 Nf6 2. c4 e6 3. Nc3 Bb4 4. Nf3 O-O 5. Qc2 d5 6. e3 Nbd7 7. Bd3 dxc4 8.
Bxc4 c5 9. a3 Bxc3+ 10. bxc3 Qc7 11. Be2 b6 12. O-O Bb7 13. Nd2 e5 14. Qb2 Rfe8
15. Bb5 exd4 16. cxd4 Ng4 17. g3 Re6 18. Be2 Nxh2 19. d5 Bxd5 20. e4 Nxf1 21.
exd5 Rxe2 22. Kxf1 Rae8 23. Qc3 Re1+ 24. Kg2 Qe5 25. Qxe5 Nxe5 26. Bb2 Rxa1 27.
Bxa1 Nd3 28. Nc4 Rd8 29. Ne3 f6 30. f4 Nc1 31. Kf3 Kf7 32. Bb2 Nb3 33. Ke4 Na5
34. Bc3 h5 35. Kd3 Nb7 36. Bb2 g5 37. fxg5 fxg5 38. Be5 Nd6 39. Bxd6 Rxd6 40.
Ke4 Kf6 41. Nc4 Rd8 42. a4 h4 43. gxh4 gxh4 0-1

[Event "Wch Juvenil 2013 sub-14"]
[Site "Al-Ain UAE"]
[Date "2013.12.18"]
[Round "1.59"]
[White "Pigeat, Alexandre"]
[Black "Liebert, Erwin"]
[Result "1/2-1/2"]
[WhiteElo "2002"]
[BlackElo "1526"]
[PlyCount "81"]
[EventDate "2013.12.19"]
[EventType "swiss"]
[EventRounds "11"]
[EventCountry "UAE"]
[Source "lmi"]
[SourceDate "2013.12.19"]

1. d4 d5 2. c4 c6 3. Nf3 Nf6 4. Qc2 e6 5. Nc3 Nbd7 6. e3 b6 7. a3 Bb7 8. Bd3
dxc4 9. Bxc4 Bd6 10. e4 e5 11. O-O O-O 12. h3 Re8 13. Bg5 h6 14. Be3 Bc7 15.
Rfe1 Qb8 16. Rad1 exd4 17. Nxd4 c5 18. Nf5 Qc8 19. Qb3 Ne5 20. f3 Nxc4 21. Qxc4
Ba6 22. Qa2 c4 23. Bd4 Be5 24. Bxe5 Rxe5 25. Rd6 Rxf5 26. Kh1 Rh5 27. Rd2 Qc7
28. Qb1 Rc8 29. e5 Nd7 30. Nd5 Qc5 31. f4 Bb7 32. Qd1 Rd8 33. Qxh5 Bxd5 34. Qh4
Re8 35. Red1 Bc6 36. Rd6 Ba4 37. R1d4 Kh8 38. Qh5 Kg8 39. Qe2 c3 40. bxc3 Qxa3
41. Kh2 1/2-1/2

[Event "Wch Juvenil 2013 sub-14"]
[Site "Al-Ain UAE"]
[Date "2013.12.18"]
[Round "1.60"]
[White "Boubendir, Hichem"]
[Black "Akhgari, Reza"]
[Result "0-1"]
[WhiteElo "1521"]
[BlackElo "2000"]
[PlyCount "86"]
[EventDate "2013.12.19"]
[EventType "swiss"]
[EventRounds "11"]
[EventCountry "UAE"]
[Source "lmi"]
[SourceDate "2013.12.19"]

1. e4 e6 2. d4 d5 3. exd5 exd5 4. Nf3 Bg4 5. Be2 Bd6 6. h3 Bh5 7. O-O Ne7 8.
Nc3 f6 9. Re1 Bf7 10. Bd2 Nbc6 11. Bb5 Qd7 12. Qe2 O-O-O 13. Bxc6 Nxc6 14. Nb5
g5 15. Nxd6+ Qxd6 16. a3 Rde8 17. Qd3 Bg6 18. Rxe8+ Rxe8 19. Qb3 Be4 20. Bb4
Qf4 21. Re1 Rd8 22. Bd2 Qf5 23. Rc1 Bxf3 24. Qxf3 Qxf3 25. gxf3 Nxd4 26. Kg2
Re8 27. Bc3 Ne2 28. Rd1 Nxc3 29. bxc3 c6 30. Kf1 Kc7 31. Rd4 Kd6 32. h4 h6 33.
hxg5 fxg5 34. f4 g4 35. Ra4 a6 36. Rb4 b5 37. Kg2 Re2 38. Rb2 h5 39. Kg3 Ke6
40. a4 Kf5 41. a5 c5 42. Kh4 Rxf2 43. Kxh5 Rh2# 0-1

[Event "Wch Juvenil 2013 sub-14"]
[Site "Al-Ain UAE"]
[Date "2013.12.18"]
[Round "1.61"]
[White "Hoang, Harry"]
[Black "Valkama, Arvo"]
[Result "1-0"]
[WhiteElo "1990"]
[BlackElo "1481"]
[PlyCount "40"]
[EventDate "2013.12.19"]
[EventType "swiss"]
[EventRounds "11"]
[EventCountry "UAE"]
[Source "lmi"]
[SourceDate "2013.12.19"]

1. e4 e5 2. Nf3 Nc6 3. Bc4 Bc5 4. c3 Nf6 5. d4 exd4 6. e5 Qe7 7. Qe2 Ng4 8.
cxd4 Bb4+ 9. Nc3 d6 10. O-O Bxc3 11. bxc3 Bf5 12. h3 Nh6 13. Bg5 Qd7 14. exd6+
Kf8 15. dxc7 Qxc7 16. Rfe1 f6 17. Bc1 Nf7 18. Ba3+ Nd6 19. Qd2 Re8 20. Qf4 g5
1-0

[Event "Wch Juvenil 2013 sub-14"]
[Site "Al-Ain UAE"]
[Date "2013.12.18"]
[Round "1.62"]
[White "Ng, Chi Tou"]
[Black "Banik, Siddharth G"]
[Result "0-1"]
[WhiteElo "1475"]
[BlackElo "1978"]
[PlyCount "72"]
[EventDate "2013.12.19"]
[EventType "swiss"]
[EventRounds "11"]
[EventCountry "UAE"]
[Source "lmi"]
[SourceDate "2013.12.19"]

1. e4 c5 2. Nf3 d6 3. d4 cxd4 4. Nxd4 Nf6 5. Nc3 a6 6. Be2 e5 7. Nb3 Be7 8. O-O
O-O 9. Be3 Be6 10. Nd5 Nbd7 11. f3 b5 12. c4 bxc4 13. Bxc4 Bxd5 14. Bxd5 Nxd5
15. Qxd5 Nf6 16. Qd2 a5 17. Nc1 d5 18. exd5 Nxd5 19. Ne2 Bb4 20. Nc3 Nxe3 21.
Qxe3 Rc8 22. Qxe5 Re8 23. Qd5 Qh4 24. Ne4 Rc2 25. Rab1 Qf4 26. Qd3 Rc6 27. a3
Bf8 28. Qb5 Rh6 29. g3 Qe3+ 30. Kh1 Rxe4 31. fxe4 Qxg3 32. Qe2 Bd6 33. Rf2 Qe5
34. Rd1 Rh4 35. Qc4 Rxh2+ 36. Kg1 Qg3+ 0-1

[Event "Wch Juvenil 2013 sub-14"]
[Site "Al-Ain UAE"]
[Date "2013.12.18"]
[Round "1.63"]
[White "Djurhuus, Eivind X"]
[Black "Kwun, Minhyeok"]
[Result "1-0"]
[WhiteElo "1978"]
[BlackElo "1461"]
[PlyCount "45"]
[EventDate "2013.12.19"]
[EventType "swiss"]
[EventRounds "11"]
[EventCountry "UAE"]
[Source "lmi"]
[SourceDate "2013.12.19"]

1. c4 Nf6 2. g3 g6 3. Bg2 Bg7 4. Nc3 O-O 5. e4 d6 6. Nge2 Na6 7. d3 c6 8. O-O
Rb8 9. a4 e5 10. h3 h6 11. Be3 b6 12. Qd2 Kh7 13. f4 Nc5 14. Rad1 Be6 15. b4
Na6 16. Rb1 Nc7 17. Kh2 Nd7 18. f5 Qe7 19. fxe6 Nxe6 20. d4 Rbd8 21. d5 cxd5
22. Nxd5 Qe8 23. g4 1-0

[Event "Wch Juvenil 2013 sub-14"]
[Site "Al-Ain UAE"]
[Date "2013.12.18"]
[Round "1.64"]
[White "Abdullatif, Hassan"]
[Black "Fernandez, Michael"]
[Result "0-1"]
[WhiteElo "1399"]
[BlackElo "1975"]
[PlyCount "70"]
[EventDate "2013.12.19"]
[EventType "swiss"]
[EventRounds "11"]
[EventCountry "UAE"]
[Source "lmi"]
[SourceDate "2013.12.19"]

1. e4 c5 2. Nc3 d6 3. Nf3 a6 4. d4 cxd4 5. Nxd4 Nf6 6. Be2 g6 7. Be3 Nbd7 8.
O-O Bg7 9. Kh1 Nc5 10. Bf3 O-O 11. e5 dxe5 12. Nc6 Qc7 13. Bxc5 bxc6 14. Re1
Re8 15. Qe2 Nd7 16. Qc4 Bb7 17. Ba3 Nb6 18. Nd5 Nxd5 19. Bxd5 e6 20. Bf3 Red8
21. Rad1 Rd4 22. Qc5 Rad8 23. c3 Bf8 24. Rxd4 Bxc5 25. Rxd8+ Qxd8 26. Bxc5 Qd2
27. Rd1 Qxb2 28. h3 Qxc3 29. Rd8+ Kg7 30. Bf8+ Kf6 31. Rd7 e4 32. Bxe4 Qe1+ 33.
Kh2 Qxe4 34. Rxb7 Qe5+ 35. Kh1 Qa1+ 0-1

[Event "Wch Juvenil 2013 sub-14"]
[Site "Al-Ain UAE"]
[Date "2013.12.18"]
[Round "1.65"]
[White "Abbas, Daniel"]
[Black "Mouthuy, Jacky-Long"]
[Result "1-0"]
[WhiteElo "1974"]
[BlackElo "1388"]
[PlyCount "123"]
[EventDate "2013.12.19"]
[EventType "swiss"]
[EventRounds "11"]
[EventCountry "UAE"]
[Source "lmi"]
[SourceDate "2013.12.19"]

1. e4 e5 2. Nf3 Nc6 3. Bc4 Bc5 4. c3 Nf6 5. d3 d6 6. Bb3 Be6 7. Nbd2 h6 8. h3
O-O 9. Nf1 d5 10. Qe2 dxe4 11. dxe4 Bxb3 12. axb3 Qd6 13. b4 Bb6 14. N1d2 Rad8
15. O-O Qd3 16. Qxd3 Rxd3 17. b5 Ne7 18. Nxe5 Rdd8 19. Nec4 Ra8 20. e5 Nfd5 21.
Ne4 Ng6 22. Rd1 Ndf4 23. Bxf4 Nxf4 24. Nxb6 axb6 25. Rxa8 Rxa8 26. Rd7 Ra1+ 27.
Kh2 Re1 28. f3 Re2 29. Rd2 Rxd2 30. Nxd2 Nd3 31. Nc4 Kf8 32. Kg3 Ke7 33. f4 Ke6
34. Kf3 Kd5 35. b3 Kc5 36. Na3 Nc1 37. b4+ Kd5 38. Ke3 Na2 39. c4+ Ke6 40. Nc2
g6 41. g4 f6 42. exf6 Kxf6 43. Kd4 Ke6 44. c5 Nc1 45. Ke4 Ne2 46. Nd4+ Nxd4 47.
Kxd4 bxc5+ 48. bxc5 h5 49. gxh5 gxh5 50. Ke4 c6 51. b6 Kf6 52. h4 Ke6 53. f5+
Kf6 54. Kf4 Kf7 55. Kg5 Kg7 56. Kxh5 Kf6 57. Kg4 Kg7 58. Kg5 Kf7 59. f6 Kg8 60.
Kg6 Kf8 61. f7 Ke7 62. Kg7 1-0

[Event "Wch Juvenil 2013 sub-14"]
[Site "Al-Ain UAE"]
[Date "2013.12.18"]
[Round "1.66"]
[White "Ip, Seng Tou"]
[Black "Agmanov, Zhandos"]
[Result "0-1"]
[WhiteElo "1372"]
[BlackElo "1972"]
[PlyCount "62"]
[EventDate "2013.12.19"]
[EventType "swiss"]
[EventRounds "11"]
[EventCountry "UAE"]
[Source "lmi"]
[SourceDate "2013.12.19"]

1. e4 c5 2. f4 Nc6 3. Bb5 g6 4. Nf3 Bg7 5. O-O e6 6. d3 Nge7 7. c3 d5 8. Bxc6+
bxc6 9. Qe1 Ba6 10. Qe3 dxe4 11. Qxe4 Bxd3 12. Qe1 Bxf1 13. Qxf1 Nd5 14. Ne5 f6
15. Nf3 O-O 16. c4 Nb4 17. Nc3 Nc2 18. Rb1 e5 19. Qe2 Nd4 20. Nxd4 cxd4 21. Ne4
f5 22. Ng3 e4 23. b3 Qb6 24. Kh1 d3 25. Qe1 Bd4 26. Nf1 e3 27. Rb2 e2 28. Ng3
Bxb2 29. Bxb2 Qe3 30. Nxe2 Rfe8 31. Nc3 Qxe1# 0-1

[Event "Wch Juvenil 2013 sub-14"]
[Site "Al-Ain UAE"]
[Date "2013.12.18"]
[Round "1.67"]
[White "Bunyatov, Rustam Faiq"]
[Black "Mukhopadhyay, Srinjay"]
[Result "1-0"]
[WhiteElo "1965"]
[BlackElo "1336"]
[PlyCount "71"]
[EventDate "2013.12.19"]
[EventType "swiss"]
[EventRounds "11"]
[EventCountry "UAE"]
[Source "lmi"]
[SourceDate "2013.12.19"]

1. d4 d5 2. Nf3 Nf6 3. c4 dxc4 4. e3 e6 5. Bxc4 a6 6. O-O Be7 7. Qe2 O-O 8. e4
b5 9. Bd3 Bb7 10. e5 Nd5 11. Nc3 Nxc3 12. bxc3 c5 13. Be3 c4 14. Bc2 Qc7 15.
Ng5 Bxg5 16. Bxg5 h6 17. Be3 Nd7 18. Qg4 Kh8 19. Qh3 f5 20. Bxh6 gxh6 21. Qxh6+
Kg8 22. Qxe6+ Kh8 23. Qh6+ Kg8 24. Qg6+ Kh8 25. Bxf5 Rxf5 26. Qxf5 Qc6 27. f3
Rf8 28. Qh3+ Kg8 29. Rae1 Bc8 30. Qg4+ Kh8 31. Qh5+ Kg7 32. Qg5+ Kh8 33. Re4
Rf7 34. Rh4+ Rh7 35. Qd8+ Kg7 36. Qe7+ 1-0

[Event "Wch Juvenil 2013 sub-14"]
[Site "Al-Ain UAE"]
[Date "2013.12.18"]
[Round "1.68"]
[White "Ali, Abdulaziz"]
[Black "Zhao, Juncheng"]
[Result "0-1"]
[WhiteElo "1739"]
[BlackElo "1963"]
[PlyCount "86"]
[EventDate "2013.12.19"]
[EventType "swiss"]
[EventRounds "11"]
[EventCountry "UAE"]
[Source "lmi"]
[SourceDate "2013.12.19"]

1. e4 e6 2. d4 d5 3. Nc3 Nf6 4. Bg5 Be7 5. e5 Nfd7 6. Bxe7 Qxe7 7. f4 a6 8. Nf3
c5 9. Be2 Nc6 10. Qd2 b5 11. a3 Bb7 12. Nd1 cxd4 13. Nxd4 Nc5 14. Nxc6 Bxc6 15.
Bf3 O-O 16. Nf2 Rac8 17. O-O f5 18. Rad1 Rfd8 19. Qb4 Qa7 20. Kh1 Ne4 21. Qd4
Qe7 22. Qb6 Bb7 23. c3 Rc6 24. Qa5 Rcc8 25. Rd4 Qh4 26. Nh3 Nc5 27. Bd1 h6 28.
Qb6 Rc6 29. Qa5 Rdc8 30. a4 bxa4 31. Bxa4 Nxa4 32. Qxa4 Qg4 33. Rb4 Rc4 34. Qb3
Bc6 35. Rb8 Rxb8 36. Qxb8+ Kh7 37. Rf3 d4 38. Rg3 Qd1+ 39. Ng1 dxc3 40. bxc3
Rxf4 41. Qa7 Rg4 42. Qxa6 Rxg3 43. hxg3 Qh5+ 0-1

[Event "Wch Juvenil 2013 sub-14"]
[Site "Al-Ain UAE"]
[Date "2013.12.18"]
[Round "1.72"]
[White "Bedon, Kevin"]
[Black "Virtanen, Teemu"]
[Result "1-0"]
[WhiteElo "1671"]
[BlackElo "1936"]
[PlyCount "45"]
[EventDate "2013.12.19"]
[EventType "swiss"]
[EventRounds "11"]
[EventCountry "UAE"]
[Source "lmi"]
[SourceDate "2013.12.19"]

1. e4 d6 2. d4 Nf6 3. Nc3 e5 4. dxe5 dxe5 5. Bg5 Bd6 6. Bc4 Nc6 7. Nd5 Be7 8.
Nxf6+ Bxf6 9. Qxd8+ Nxd8 10. Bxf6 gxf6 11. Ne2 f5 12. Nc3 c6 13. a4 a5 14.
O-O-O fxe4 15. Nxe4 Ke7 16. Rhe1 f6 17. f4 f5 18. Nf2 e4 19. g4 Kf6 20. gxf5
Kxf5 21. Rxe4 Ne6 22. Re5+ Kf6 23. Ne4+ 1-0

[Event "Wch Juvenil 2013 sub-14"]
[Site "Al-Ain UAE"]
[Date "2013.12.19"]
[Round "2.1"]
[White "Anagnostakis, Charalampos"]
[Black "Kovalevsky, Stanislav"]
[Result "0-1"]
[WhiteElo "1542"]
[BlackElo "1856"]
[PlyCount "98"]
[EventDate "2013.12.19"]
[EventType "swiss"]
[EventRounds "11"]
[EventCountry "UAE"]
[Source "lmi"]
[SourceDate "2013.12.19"]

1. c4 e6 2. Nf3 d5 3. g3 Nf6 4. Bg2 c6 5. b3 Nbd7 6. Bb2 Bd6 7. d4 O-O 8. O-O
Re8 9. Nc3 b6 10. Rc1 Ba6 11. Nd2 Rc8 12. Re1 dxc4 13. bxc4 e5 14. Qa4 Nb8 15.
Nce4 Nxe4 16. Nxe4 exd4 17. Nxd6 Qxd6 18. Rcd1 c5 19. e3 Qd7 20. Qxd7 Nxd7 21.
exd4 Rxe1+ 22. Rxe1 Nf6 23. dxc5 Rxc5 24. Bxf6 gxf6 25. Re8+ Kg7 26. Bf1 Bxc4
27. Bxc4 Rxc4 28. Re2 f5 29. Kg2 Re4 30. Rb2 Kf6 31. f3 Re5 32. Kf2 Ke6 33. Rb4
Rc5 34. Ra4 a5 35. Ke3 Rc2 36. h4 h5 37. Kf4 f6 38. g4 fxg4 39. fxg4 hxg4 40.
Kxg4 f5+ 41. Kf4 Rg2 42. Kf3 Rg7 43. Rc4 Kd5 44. Rc8 Rh7 45. Kg3 b5 46. Rf8 Rh5
47. Rg8 a4 48. Rc8 Kd4 49. Rc2 b4 0-1

[Event "Wch Juvenil 2013 sub-14"]
[Site "Al-Ain UAE"]
[Date "2013.12.19"]
[Round "2.1"]
[White "Loh, Zachary"]
[Black "Tari, Aryan"]
[Result "1/2-1/2"]
[WhiteElo "2036"]
[BlackElo "2418"]
[PlyCount "82"]
[EventDate "2013.12.19"]
[EventType "swiss"]
[EventRounds "11"]
[EventCountry "UAE"]
[Source "lmi"]
[SourceDate "2013.12.19"]

1. d4 Nf6 2. c4 e6 3. Nc3 Bb4 4. e3 O-O 5. Nge2 d5 6. a3 Bd6 7. c5 Be7 8. b4 b6
9. f4 a5 10. Rb1 c6 11. Ng3 Ba6 12. Bd3 axb4 13. axb4 bxc5 14. bxc5 Qa5 15. Qc2
Nbd7 16. O-O g6 17. Bd2 Qc7 18. Rb2 Bxd3 19. Qxd3 Rfb8 20. Rxb8+ Qxb8 21. Rb1
Qc7 22. Qc2 h5 23. Qb2 Ra7 24. Nf1 h4 25. h3 Nh5 26. Be1 Bf6 27. Ne2 Kh7 28.
Qb3 Qc8 29. Nh2 Ng7 30. Ng4 Nf5 31. Qd3 Qa8 32. Kh2 Bg7 33. Ng1 Bf8 34. Nf3 Be7
35. Bf2 Bd8 36. Rb2 Kg7 37. Qb3 Qc8 38. Ra2 Rxa2 39. Qxa2 Nf6 40. Qa7 Ne4 41.
Be1 Qc7 1/2-1/2

[Event "Wch Juvenil 2013 sub-14"]
[Site "Al-Ain UAE"]
[Date "2013.12.19"]
[Round "2.2"]
[White "Aravindh, Chithambaram Vr"]
[Black "Patrascu, Catalin-Lucian"]
[Result "1/2-1/2"]
[WhiteElo "2415"]
[BlackElo "2033"]
[PlyCount "91"]
[EventDate "2013.12.19"]
[EventType "swiss"]
[EventRounds "11"]
[EventCountry "UAE"]
[Source "lmi"]
[SourceDate "2013.12.19"]

1. e4 c5 2. Nf3 d6 3. d4 cxd4 4. Nxd4 Nf6 5. Nc3 a6 6. Be2 e5 7. Nb3 Be7 8. O-O
O-O 9. Kh1 Be6 10. f4 Qc7 11. f5 Bc4 12. g4 d5 13. exd5 Rd8 14. Bxc4 Qxc4 15.
Bg5 Nbd7 16. Nd2 Qb4 17. Nde4 Nxe4 18. Bxe7 Qxe7 19. Nxe4 Qb4 20. Qe2 Qxb2 21.
Rfb1 Qd4 22. Rd1 Qa4 23. c4 Rac8 24. Rdc1 Nc5 25. Nf2 Qa3 26. Rg1 e4 27. Rg3
Qb4 28. a3 Qa4 29. Rb1 Re8 30. Re3 h6 31. h4 Re5 32. f6 g6 33. Nh3 Rce8 34. Nf4
Nd3 35. Rf1 Nxf4 36. Rxf4 b5 37. Rfxe4 Rxe4 38. Rxe4 Rxe4 39. Qxe4 bxc4 40. Kg2
Qxa3 41. Qe8+ Qf8 42. Qc6 Qb4 43. Qe8+ Qf8 44. Qc6 Qb4 45. Qe8+ Qf8 46. Qc6
1/2-1/2

[Event "Wch Juvenil 2013 sub-14"]
[Site "Al-Ain UAE"]
[Date "2013.12.19"]
[Round "2.2"]
[White "Markocic, Tine"]
[Black "Ieong, Seak Hin"]
[Result "1-0"]
[WhiteElo "1853"]
[BlackElo "1578"]
[PlyCount "89"]
[EventDate "2013.12.19"]
[EventType "swiss"]
[EventRounds "11"]
[EventCountry "UAE"]
[Source "lmi"]
[SourceDate "2013.12.19"]

1. e4 e5 2. Bc4 Nf6 3. d3 Bc5 4. Nc3 Nc6 5. f4 exf4 6. Bxf4 d6 7. Nf3 Bg4 8.
Qd2 Bxf3 9. gxf3 Nh5 10. Bg5 f6 11. Be3 Nd4 12. Bxd4 Bxd4 13. O-O-O Bxc3 14.
Qxc3 Nf4 15. Qb3 Qc8 16. d4 c6 17. Bf7+ Ke7 18. Qe3 g5 19. Bb3 Qc7 20. Rhg1 h6
21. h4 Rae8 22. Rde1 Kd8 23. Qc3 Qb6 24. Kb1 Rhf8 25. Bc4 c5 26. Rd1 Ke7 27. e5
dxe5 28. dxe5 Rd8 29. Rxd8 Kxd8 30. exf6 Qxf6 31. Qxf6+ Rxf6 32. hxg5 Rg6 33.
Rd1+ Kc7 34. gxh6 Rxh6 35. Bd3 Nxd3 36. cxd3 Rf6 37. Rf1 Rf4 38. Kc2 Kd6 39.
Kd2 Ke5 40. Ke3 Rh4 41. Rf2 Rh3 42. Rg2 Kf5 43. Rg7 b6 44. Rxa7 Rh2 45. b3 1-0

[Event "Wch Juvenil 2013 sub-14"]
[Site "Al-Ain UAE"]
[Date "2013.12.19"]
[Round "2.3"]
[White "Kazakovskiy, Valeriy"]
[Black "Gledura, Benjamin"]
[Result "0-1"]
[WhiteElo "2023"]
[BlackElo "2399"]
[PlyCount "58"]
[EventDate "2013.12.19"]
[EventType "swiss"]
[EventRounds "11"]
[EventCountry "UAE"]
[Source "lmi"]
[SourceDate "2013.12.19"]

1. d4 Nf6 2. c4 g6 3. Nc3 d5 4. Nf3 Bg7 5. Qb3 dxc4 6. Qxc4 O-O 7. e4 a6 8. Bf4
Ne8 9. Rd1 Bg4 10. Be2 b5 11. Qb3 c6 12. Be3 Nd6 13. O-O Nd7 14. Kh1 Rc8 15. a4
Nb6 16. axb5 axb5 17. Qb4 Nbc4 18. Bg5 Re8 19. h3 Bxf3 20. Bxf3 h6 21. Be3 Qb6
22. Bg4 Rcd8 23. e5 Nf5 24. Bxf5 gxf5 25. Na4 Qc7 26. Nc5 e6 27. g4 Qe7 28.
gxf5 Qh4 29. Kh2 Nxe3 0-1